The system of documentation and its future in the Institute of Archaeology
| Titel: | The system of documentation and its future in the Institute of Archaeology |
|---|---|
| Verfasser: | |
| In: |
Luftbildarchäologie in Ost- und Mitteleuropa, (1995), Seite 259-263, 4 Abb. alle Artikel anzeigen |
| Veröffentlicht: | 1995 |
| Format: | Aufsatz |
| Sprache: | Englisch |
X
alg: 39209011 001A $01999:11-11-16 001B $01999:29-03-21 $t21:47:50.000 001D $01999:11-11-16 001U $0utf8 001X $00 002@ $0Aox 003@ $0392090112 007A $0392090112 $aHEB 007T $0Herd07150 010@ $aeng 011@ $a1995 021A $aThe @system of documentation and its future in the Institute of Archaeology 028A $aHanzelyová $dElena 031A $h259-263, 4 Abb. $j1995 037A $aBetr. das Institut für Archäologie der Slowakischen Akademie der Wissenschaften in Neutra 039B $aIn $8--Aau--. Luftbildarchäologie in Ost- und Mitteleuropa. - Potsdam : Brandenburgisches Landesmuseum für Ur- und Frühgeschichte, 1995. - 319 S.. - Ill., graph. Darst.. - ISBN 3-910011-08-X $x199500000000000741 $9047794887 045F $a930.1094373 $eDDC23BSB 045F/01 $a930.1 045F/03 $g4373 lok: 39209011 78 exp: 39209011 78 1 #EPN 201B/01 $005-09-18 $t23:03:37.000 201U/01 $0utf8 203@/01 $0788186132 208@/01 $a11-11-16 $be 209A/01 $a/ $f000 $x00 220C/01 $aTitelaufnehmer: rk 244Z/01 $2Trx $#Slowakische Republik $#Szlovák Köztársaság $#Republika Słowacka $#Slovenská Republika $#Slovensko $#Slowakei $#Słowacja $#Slovensko $8--Trx--Slovenská Republika $x01 $9391345796 244Z/01 $#Neutra $#Neutra Nitra $#Nyitra Nitra $#Nitrae $72020452-8 $8--Tg1--Nitra $x02 $9042744792 244Z/01 $2Trx $#arheoloogia aerofoto $#archeologija oro fotografija $#archaeology aerial pictures $#régészet müholdkép $#archeologia, zdjęcia lotnicze $#archeológia letecká $#archeologie letecká $#Luftbildarchäologie $8--Trx--Archäologie$gLuftbild $x03 $9391375296 244Z/01 $2Trx $8--Trx--Einzelbeiträge $x04 $9391384570 245Z/01 $a05.01 $x01 247C/01 $82080>Marburg/Lahn, Herder-Institut, Forschungsbibliothek, Bibliographieportal $9336309341
| LEADER | 00000caa a22000002c 4500 | ||
|---|---|---|---|
| 001 | 392090112 | ||
| 003 | DE-603 | ||
| 005 | 20210329214750.0 | ||
| 007 | tu | ||
| 008 | 161111s1995 xx |||| | u00||u|eng c | ||
| 035 | |a (DE-599)HEB392090112 | ||
| 040 | |a DE-603 |b ger |c DE-603 |d DE-603 | ||
| 041 | |a eng | ||
| 082 | 0 | 4 | |8 1\u |a 930.1094373 |q DE-101 |2 23/BSB |
| 085 | |8 1\u |b 930.1 | ||
| 085 | |8 1\u |z 2 |s 4373 | ||
| 100 | 1 | |a Hanzelyová, Elena | |
| 245 | 0 | 0 | |a The system of documentation and its future in the Institute of Archaeology |
| 264 | 0 | |c 1995 | |
| 500 | |a Betr. das Institut für Archäologie der Slowakischen Akademie der Wissenschaften in Neutra | ||
| 773 | 0 | 8 | |i In |t Luftbildarchäologie in Ost- und Mitteleuropa |d Potsdam : Brandenburgisches Landesmuseum für Ur- und Frühgeschichte, 1995 |h 319 S., Ill., graph. Darst. |z 391001108X |g (1995), Seite 259-263, 4 Abb. |w (DE-603)047794887 |
| 924 | 0 | |9 2080 |a (DE-603)788186132 |b DE-2080 |c HES |d d |g / | |


